|
|
|
|
| LEADER |
00000nam0a2200000 4500 |
| 001 |
244368 |
| 005 |
20231101232038.0 |
| 010 |
|
|
|b 4070 экз.
|
| 035 |
|
|
|a (RuTPU)RU\TPU\book\265751
|
| 035 |
|
|
|a RU\TPU\book\170443
|
| 090 |
|
|
|a 244368
|
| 100 |
|
|
|a 20131022d1930 km y0rusy50 ca
|
| 101 |
0 |
|
|a rus
|
| 102 |
|
|
|a RU
|
| 105 |
|
|
|a a z 001zy
|
| 200 |
1 |
|
|a Разработка месторождений полезных ископаемых
|f Л. Д. Шевяков
|g Всесоюзное объединение каменоугольной промышленности (Союзуголь), Научно-издательское бюро
|
| 210 |
|
|
|a Ленинград
|c Издание Союзугля СССР
|d 1930
|
| 215 |
|
|
|a 687 с.
|c ил.
|
| 225 |
1 |
|
|a Серия горнотехнических изданий
|h Книга №14
|
| 316 |
|
|
|5 63413507: 179441
|a С автографом автора
|
| 317 |
|
|
|5 63413507: 179441
|a Поступила в НТБ в 1940 г. в составе книжного собрания академика М. А. Усова.
|
| 320 |
|
|
|a Библиогр.: с. 194-195
|
| 320 |
|
|
|a Предметный указатель: с. 691-698.
|
| 320 |
|
|
|a Библиогр.: с. 284
|
| 320 |
|
|
|a Библиогр.: с. 677-678
|
| 320 |
|
|
|a Предметный и именной указатель: с. 679-687.
|
| 610 |
1 |
|
|a полезные ископаемые
|
| 610 |
1 |
|
|a месторождения
|
| 610 |
1 |
|
|a горные выработки
|
| 610 |
1 |
|
|a проведение
|
| 610 |
1 |
|
|a проходка
|
| 610 |
1 |
|
|a шахты
|
| 610 |
1 |
|
|a подземные камеры
|
| 610 |
1 |
|
|a пласты
|
| 610 |
1 |
|
|a вскрытие
|
| 610 |
1 |
|
|a разработка
|
| 610 |
1 |
|
|a столбовые системы
|
| 610 |
1 |
|
|a комбинированные системы
|
| 610 |
1 |
|
|a открытые работы
|
| 610 |
1 |
|
|a классификация
|
| 610 |
1 |
|
|a дарственная надпись
|
| 610 |
1 |
|
|a дары автора
|
| 610 |
1 |
|
|a библиотека М. А. Усова
|
| 675 |
|
|
|a 622.272
|v 3
|
| 700 |
|
1 |
|a Шевяков
|b Л. Д.
|c российский ученый в области горного дела
|f 1889-1963
|g Лев Дмитриевич
|2 stltpush
|3 (RuTPU)RU\TPU\pers\15099
|9 5188
|
| 712 |
0 |
2 |
|a Всесоюзное объединение каменоугольной промышленности (Союзуголь)
|b Научно-издательское бюро
|c (1929-1932)
|2 stltpush
|3 (RuTPU)RU\TPU\col\17461
|
| 801 |
|
1 |
|a RU
|b 63413507
|c 20090403
|g PSBO
|
| 801 |
|
2 |
|a RU
|b 63413507
|c 20151113
|g RCR
|
| 942 |
|
|
|c BK
|